000
nam a22 7a 4500
999
_c
55772
_d
55772
003
OSt
005
20221006143247.0
008
221006b xxu||||| |||| 00| 0 eng d
040
_c
IIMT UNIVERSITY
100
_a
HARBORNE,J.B.
245
_a
PHYTOCHEMICAL METHODS
260
_a
NEW YORK
_b
CHAPMAN HALL
_c
1998
300
_a
302
942
_2
ddc
_c
02